01474nam a2200241Ia 450000100060000000300090000600800410001504000130005604000130006904100130008210000170009510000290011224500420014124500420018325000110022526000110023626000120024726000490025930000450030850008210035365000270117465000310120125242IT-RoPAU130308s9999 xx 000 0 und d aIT-RoPAU cIT-RoPAU aITALIANO aFabbri Diego gCodice Aut. SPICS: 6872 aTutto il teatro di Diego Fabbri-Vol.I bTutto Il Teatro di Diego Fabbri-Vol.I a1a ed. aMILANO bRusconi c1984 [1° Ed.:1984 - Ed.Ling.Originale:1984] a"1332 p. (prefazione: 120; testo: 1212)" aI fiori del dolore (Tre Atti 1933) ritorno (Tre Atti 1933) Il Viandante Dagli Occhi Turchini (Atto Unico 1934) I Loro Peccati (Tre Atti 1935) Il fanciullo sconosciuto (Bozzetto in un Atto 1933) Il nodo (Tre Atti 1936) Miraggi (Tre Atti 1937) Ricordo (Un Quadro 1937) Rifiorirà la terra (Tre Atti 1937) gli Assenti (Tre Atti 1938) Orbite (Tre Atti 1940) Divertimento (Un Atto 1940) Paludi (Tre Atti 1940) Il Prato (Tre Atti 1940) la libreria del sole (Tre Atti 1942) Inquisizione (Tre Atti 1946) rancore (Tre Atti 1948) contemplazione (Un Atto 1949) trio (Un Atto 1949) Il seduttore (Tre Atti 1951) I testimoni (Un Atto 1951) Processo di Famiglia (Due Atti 1953) la Bugiarda (Tre Atti 1954) Processo a Gesu' (Due Tempi e un Intermezzo 1954) Veglia D'Armi (Due Parti e un Intermezzo 1956) Delirio (Quattro Atti 1957) aAUTORI/OPERE DI TEATRO eCodice materia Spics: 8407